00289nam a2200133Ia 4500008004100000100001200041245003100053250001200084260001500096300000800111650001400119942000700133999001500140190216s9999||||xx |||||||||||||| ||und|| aLiptrot 0aModern Inorganic Chemistry a4th Ed. bNullc1971 a472 aChemistry cBK c2619d2619